Statystyki dla Państwa w Europie A-Z z mapą.

Kliknij tutaj aby rozwiązać quiz!

Ogólne statystyki

  • Ten quiz został rozwiązany 141 razy
    (139 od ostatniego zresetowania)
  • Średni wynik to 46 z 46

Odpowiedzi na mapie

Odpowiedzi skodowane kolorowo w zielono-czerwonej skali na mapie do tego quizu, zgodnie z poniższymi procentami.
Ładowanie ...
 

Statystyki odpowiedzi

Państwo% Poprawnych
AAlbania | Andora | Austria
100%
AAndora | Albania | Austria
100%
AAustria | Andora | Albania
100%
BBiałoruś | Belgia | Bośnia i Hercegowina | Bułgaria
100%
BBelgia | Białoruś | Bośnia i Hercegowina | Bułgaria
100%
BBośnia i Hercegowina | Belgia | Białoruś | Bułgaria
100%
BBułgaria | Bośnia i Hercegowina | Belgia | Białoruś
100%
LLiechtenstein | Litwa | Luksemburg
99%
LLitwa | Liechtenstein | Luksemburg
99%
LLuksemburg | Liechtenstein | Litwa
99%
NNiemcy | Niderlandy | Norwegia
99%
SSerbia | San Marino | Słowacja |
Słowenia | Szwajcaria | Szwecja
99%
SSan Marino | Serbia | Słowacja |
Słowenia | Szwajcaria | Szwecja
99%
NNiderlandy | Niemcy | Norwegia
99%
SSłowenia | Słowacja | Serbia | San Marino |
| Szwajcaria | Szwecja
99%
NNorwegia | Niemcy | Niderlandy
99%
SSłowacja | Serbia | San Marino |
Słowenia | Szwajcaria | Szwecja
99%
HHolandia | Hiszpania
99%
SSzwajcaria | Słowenia | Słowacja | Serbia |
San Marino | Szwecja
99%
PPortugalia | Polska
99%
HHiszpania | Holandia
99%
SSzwecja | Szwajcaria | Słowenia | Słowacja |
Serbia | San Marino
99%
FFrancja | Finlandia
99%
FFinlandia | Francja
99%
DDania
99%
PPolska | Portugalia
99%
UUkraina
98%
RRumunia | Rosja
98%
RRosja | Rumunia
98%
WWatykan | Węgry | Wielka Brytania | Włochy
98%
WWęgry | Watykan | Wielka Brytania | Włochy
98%
WWielka Brytania | Watykan | Węgry | Włochy
98%
ŁŁotwa
98%
MMonako | Macedonia Północna | Malta | Mołdawia
98%
MMołdawia | Macedonia Północna | Malta | Monako
98%
MMalta | Macedonia Północna | Mołdawia | Monako
98%
MMacedonia Północna | Malta | Mołdawia | Monako
98%
KKosowo
98%
IIslandia | Irlandia
98%
IIrlandia | Islandia
98%
GGrecja
98%
EEstonia
98%
CCzechy | Czarnogóra | Chorwacja
98%
CCzarnogóra | Czechy | Chorwacja
98%
CChorwacja | Czarnogóra | Czechy
98%
WWłochy | Watykan | Węgry | Wielka Brytania
98%

Rozkład punktacji

Percentyl według liczby udzielonych odpowiedzi

Procent ludzi z każdym wynikiem

Twoja historia wyników

Nie rozwiązałeś tego quizu od ostatniego zresetowania